Places in Shropshire - sudden death - Statistics

General Stats
  • This quiz has been taken 22 times
  • The average score is 10 of 24
Answers on the Grid
Answers color-coded by a green-red scale on the quiz's grid according to % correct below.
Wrexham
Shrewsbury
Birmingham
Salisbury
River Severn
Jacksonville
The Shard
Telford
Darwin's birthplace
Site of the Royal Oak
Weston-under-Lizard
An Olympic venue
Cheltenham
Legoland
Worcester
Offa's Dyke
Llanymynech
Motorway services
Charles III's birthplace
Ludlow castle
Swindon
Vaughan
Ellesmere
Whitchurch
Source of the Thames
Market Drayton
A 2,000-foot hill
Mawson Lakes
Stratford-upon-Avon
Bridgnorth
Much Wenlock
Ampthill
Chipping Ongar
Craven Arms
Henley-in-Arden
Wem
Ditherington Flax Mill
Wroxeter
Whittington Castle
Ennis
The world's first iron bridge
Mitchells Plain
Clun Castle
Lucan
Coalbrookdale
Fakenham
Fyshwick
Yate
 
Answer Stats
Answer % Correct
Shrewsbury
94%
Telford
81%
Ludlow castle
69%
Shrewsbury Darwin's birthplace
63%
Much Wenlock
63%
Offa's Dyke
56%
River Severn
56%
First major bridge. Across the Severn at Ironbridge. The world's first iron bridge
56%
Much Wenlock in 1850, the first modern-day Olympics (unofficial) An Olympic venue
44%
Bridgnorth
44%
Clun Castle
44%
The first-ever place where iron ore was smelted (early 1700s) Coalbrookdale
38%
Craven Arms
38%
The first iron-framed building in the world Ditherington Flax Mill
31%
Ellesmere
31%
Market Drayton
31%
Motorway services
31%
Wem
31%
Whitchurch
31%
Tree in which Charles II hid from the Roundheads Site of the Royal Oak
25%
Whittington Castle
25%
Llanymynech
19%
Wroxeter
13%
Weston-under-Lizard
6%
No matching quizzes found
Score Distribution
Percent of People with Each Score
Percentile by Number Answered
Your Score History
You have not taken this quiz